[Event "Dos Hermanas"]
[Site "Dos Hermanas"]
[Date "1997.04.02"]
[Round "2"]
[White "Gelfand, Boris"]
[Black "Illescas Cordoba, Miguel"]
[Result "1/2-1/2"]
[WhiteElo "2700"]
[BlackElo "2635"]
[Annotator "Gelfand,B"]
[PlyCount "63"]
[EventDate "1997.04.01"]
[EventType "tourn"]
[EventRounds "9"]
[EventCountry "ESP"]
[EventCategory "19"]
[SourceTitle "CBM 059"]
[Source "ChessBase"]
[SourceDate "1997.08.01"]
[SourceVersion "1"]
[SourceVersionDate "1997.08.01"]
[SourceQuality "1"]

1. d4 {Ftacnik} Nf6 2. c4 g6 3. Nc3 d5 4. cxd5 Nxd5 5. e4 Nxc3 6. bxc3 Bg7 7.
Nf3 c5 8. Rb1 O-O 9. Be2 cxd4 10. cxd4 Qa5+ 11. Bd2 Qxa2 12. O-O Bg4 13. Be3
Nc6 14. d5 (14. Rxb7 {Ftacnik} Rfd8 15. d5 e6 16. Rxf7 exd5 17. exd5 Rxd5 18.
Rxg7+ Kxg7 19. Qe1 Ne5 20. Bd4 Rxd4 21. Nxd4 Bxe2 22. Nxe2 Re8 23. Nc3 Qf7 24.
Qa1 {Bewersdorff,O-Roesch,A/BL2-O 9394/1994/1/2-1/2 (52)}) 14... Bxf3 (14...
Na5 {Ftacnik} 15. Rb4 Bxf3 16. Bxf3 Nc4 17. Bg5 f6 18. Bf4 Nd6 19. Bxd6 exd6
20. Rxb7 a5 21. Qd4 Rab8 22. Ra7 Qa3 23. h4 Qb4 {0-1 Hoffman,A-Sanchez Almeyra,
J/Mar del Plata op (07)/1995 (30)}) (14... Ne5 {Ftacnik} 15. Rxb7 e6 (15...
Rfb8 16. Rxe7 Rb2 17. Bd4 Rxe2 18. Bxe5 Bxf3 19. gxf3 Bxe5 20. Rxe5) 16. Re1
Bxf3 17. gxf3 Rfd8 18. Qb1 Qxb1 19. Rexb1 exd5 20. exd5 Rac8 21. Bxa7 {1/2-1/2
Tratar,M-Jelen,Ig/SLO-ch 1994}) 15. Bxf3 Ne5 (15... Na5 {Ftacnik}) 16. Be2 (16.
Bc5 {Ftacnik} Bf6 17. Rxb7 (17. Be2 $5) 17... Rfb8 18. Bxe7 (18. Rxe7 Bxe7 19.
Bxe7 Rb7 20. d6 Qe6) 18... Rxb7 19. Bxf6 Re8 20. h4 (20. Qc1 Qb2 21. Qf4 Rb6
22. Kh1 a5) (20. g3 $5) 20... Qa3 {/\ Qd6} 21. Bxe5 Rxe5 22. Qd4 Qb2 23. Qc4 {
Krasenkow,M-Azmaiparashvili,Z/Erevan olm (04)/1996/0-1 (73)}) (16. Rxb7 {
Ftacnik} e6 $5 (16... a5 $5) 17. dxe6 (17. Be2 exd5 18. exd5 Rfd8 19. d6 Qe6
20. Bc5 Bf8) (17. d6 Qa6 18. Rc7 Nxf3+ 19. gxf3 Be5 20. Bc5 Rfd8) 17... Qxe6
18. Rxa7 Nxf3+ 19. Qxf3 Rxa7 20. Bxa7 Re8 21. Re1 f5 {1/2-1/2 Chernin,
A-Azmaiparashvili,Z/Reggio Emilia/1995/}) 16... Nc4 17. Bg5 Nd6 $146 (17...
Rfe8 18. Rxb7 Nd6 19. Rb4 a5 20. Ra4 Qb2 21. Bc1 Qb6 22. Be3 Qb2 23. Bc1 Qb6
24. Qd3 Reb8 25. Bg5 Rb7 26. Rc1 Qb2 27. Rc5 h6 28. Bd2 Rb3 29. Qc2 Qb1+ 30.
Bf1 Qxc2 31. Rxc2 Rb1 32. g3 {1/2-1/2 Sakaev,K-Notkin,M/RUS-ch Elista 1996})
18. Bd3 (18. Bxe7 Nxe4 19. Rb4 (19. Bc4 Qxc4 20. Rb4 Nc3 (20... Qc7 21. Rxe4
Rfe8 22. d6 Qd7 $13) 21. Rxc4 Nxd1 22. Rxd1 (22. Bxf8 Nb2 $17) 22... Rfe8 23.
d6 (23. Rc7 Bf8 $11) 23... Bf8 $11) (19. Bxf8 {Ftacnik} Nc3 $1 20. Bxg7 Nxd1
21. Rfxd1 Qxe2 $17) 19... Nc3 20. Bc4 Qxc4 $1 $11 {-19.Bc4} (20... Qa5 21. Qd3
(21. Qb3 b5) (21. Qf3 Rfc8 22. d6 Qxb4 23. Qxf7+ Kh8 24. d7 Qxc4 25. d8=Q+ Rxd8
26. Qxc4 Rdc8 (26... Rd7 27. Qe6) 27. Qe6 a5 $13) 21... Rfb8 22. Bb3 {/\Rf4,|^}
)) 18... Rfe8 19. Re1 (19. f4 {Ftacnik} e5 20. dxe6 fxe6 $15) 19... e5 (19...
Rad8 $5 20. h4 (20. h3 $5) 20... Bf6 21. Re2 Qa3 22. e5 Bxg5 23. exd6 (23. hxg5
Nc8 $13) 23... Bxh4 24. Bb5 Rf8) (19... h6 20. Bd2) 20. Bd2 $1 (20. dxe6 {
Ftacnik} Qxe6 $15) 20... b5 (20... a5 $5 21. Ra1 (21. Re2 Qa3 22. Be3 $5) (21.
Qe2 Qa3) 21... Qb2 22. Bxa5 Qd4 $1 23. Ra4 Qa7 24. Ra3 Qc5 25. Qa1 Bf8 26. Rc1
Qd4 $132) (20... Rec8 21. Re2 {bulletin}) (20... f5 {Ftacnik} 21. Ra1 Qb2 22.
Rb1 Qd4 23. Be3 Qc3 24. Rc1 Qa5 25. Ra1 Qc3 26. Bxa7 $14) 21. Bxb5 (21. Ra1 {
Ftacnik} Qb2 22. Rb1 Qd4) 21... Nxb5 22. Rxb5 a5 23. d6 $1 {xd5} (23. Rb7 a4
24. Qf3 Rf8 (24... f6 25. Bh6 (25. Be3 Rab8) 25... Bxh6 26. Qxf6 Rf8 27. Qe6+
Kh8 $11) 25. Bb4 Rab8) (23. Bc3 {Ftacnik} Rec8 $14) 23... Red8 24. Rd5 (24. Bg5
{Ftacnik} f6 25. Be3 Qe6 $11) 24... Rd7 25. Qc1 Bf8 (25... a4 {Ftacnik} 26. Qc6
Rdd8 27. d7 $14) 26. Bg5 $2 {Black has a strong asset in a pawn, but he must
survive the march of white d pawn as well as the potential attack against his
own king. Schwarz besitzt ein strakes a Bauern, aber er muss den Vormarsch vom
weissem d Bauern genauso wie den potenzieller Angriff gegen eigener Konig
uberstehen.} (26. Qc3 $1 Rb8 27. Qxe5 (27. Qxa5 Qxa5 28. Bxa5 Rxd6 29. Rxe5 $14
) 27... Rb1 (27... Bg7 28. Qg3 (28. Qf4 {Ftacnik} a4 $132)) 28. Rf1 $1 {Kramnik
} Rdb7 (28... Rxf1+ 29. Kxf1 Qa3 30. Bc3) 29. Bc1 Qc2 30. Rdd1 $16) (26. Qc6 {
Ftacnik} Rad8 27. Qc3 a4 28. Bg5 Rb8 $132) 26... Qa4 (26... Rxd6 $2 {Ftacnik}
27. Rxd6 Bxd6 28. Qc6 $18) 27. Red1 Ra6 $1 $11 (27... Qxe4 {Ftacnik} 28. Bf6 a4
29. Bxe5 $13) 28. Be7 (28. Qc8 Qc6 $11 (28... Raxd6 29. Rf1 $13)) 28... Rc6 (
28... Bxe7 $2 {Ftacnik} 29. Qc8+ Bd8 30. Qxa6 $18) 29. Qd2 (29. Qa1 {Ftacnik}
Qxa1 30. Rxa1 Bxe7 31. dxe7 Rxe7 32. Rdxa5 $11) 29... Bxe7 30. dxe7 Rxe7 31.
Rxa5 Qc2 (31... Qxe4 $2 {Ftacnik} 32. Qd8+ Kg7 33. Qxe7 $18) 32. h3 (32. Qd8+ {
Ftacnik} Kg7 33. Ra2 Qxa2 34. Qxe7 Qb2 $11) 1/2-1/2

[Event "St Petersburg zt"]
[Site "St Petersburg"]
[Date "1993.??.??"]
[Round "9"]
[White "Ruban, Vadim"]
[Black "Dvoirys, Semen I"]
[Result "1/2-1/2"]
[WhiteElo "2595"]
[BlackElo "2565"]
[Annotator "Glatman,V"]
[PlyCount "83"]
[EventDate "1993.01.??"]
[EventType "swiss"]
[EventRounds "9"]
[EventCountry "RUS"]
[SourceTitle "CBM 034"]
[Source "ChessBase"]
[SourceDate "1993.06.01"]
[SourceVersion "1"]
[SourceVersionDate "1993.06.01"]
[SourceQuality "1"]

1. d4 Nf6 2. c4 g6 3. Nc3 d5 4. cxd5 Nxd5 5. e4 Nxc3 6. bxc3 Bg7 7. Bb5+ c6 8.
Ba4 b5 9. Bb3 b4 10. Qf3 (10. Ne2 bxc3 11. Be3 Nd7 12. Rc1 Ba6 13. f4 $146 (13.
e5 Qa5 $1 (13... e6 14. Nxc3 c5 15. f4 cxd4 16. Qxd4 O-O 17. Kf2 $14 {
Kiselev-Krasenkov/Katowice/1992/}) 14. Qc2 c5 15. Qe4 O-O 16. Bxf7+ Kh8 17. Nf4
Rxf7 18. Qxa8+ Rf8 19. Qd5 Qb5 $19 {Georgadze-Adorjan,A/Debrecen/1992/}) 13...
Qa5 14. Qc2 c5 15. e5 cxd4 16. Bxd4 Nc5 17. Bxc5 Qxc5 18. Qxc3 Qxc3+ 19. Nxc3
O-O $10 {Aseev-Dvoirys,S/St.Petersburg/1993/}) 10... e6 $6 $146 (10... O-O 11.
Ne2 e5 (11... bxc3 12. O-O Ba6 13. Bg5 Nd7 14. Rfd1 c2 15. Bxc2 c5 $13 {
Christiansen,L-Huzman/Wijk aan Zee op/1993/}) 12. O-O exd4 13. cxd4 Ba6 14. Rd1
Nd7 15. a3 c5 16. axb4 Bxe2 17. Qxe2 cxd4 18. Bd5 $16 {Kramnik,V-Adorjan,A/
Debrecen/1992/}) 11. Ne2 bxc3 12. Qxc3 O-O 13. Ba3 Re8 14. O-O Nd7 $5 (14...
Ba6 15. Bc4 Bxc4 16. Qxc4 e5 17. dxe5 Bxe5 18. Rad1 $16) 15. Qxc6 (15. Rac1 Nb6
16. Rfd1 Ba6 17. Ng3 {/\ e5, Ne4+/-}) 15... Nb6 16. e5 (16. Rfd1 Ba6 17. Ng3
Rc8 18. Qd6 Qh4 $44) 16... Ba6 17. Rfe1 Rc8 $1 (17... Bxe2 18. Rxe2 Qxd4 19.
Rd1 $16) 18. Qe4 Nc4 19. Bb4 (19. Bc5 Nxe5 $1) 19... Qd7 20. Nc3 (20. Nf4 Qb5
21. Bxc4 Rxc4 22. Bd6 $13) 20... Red8 21. Rad1 Nb2 22. Rd2 Nc4 23. Bxc4 $6 Rxc4
24. Ba5 Rdc8 $44 (24... Rxd4 25. Rxd4 Qxd4 26. Bxd8 $18) 25. Qe3 Bb7 26. f3 Bf8
27. Ne2 (27. Ne4 Bxe4 28. fxe4 (28. Qxe4 Qa4 $19)) 27... Ra4 28. Bc3 Ra3 29.
Rc2 Qa4 30. Qd2 Bh6 $6 (30... Bd5 $142) 31. Qxh6 $8 Qxc2 32. Bb4 Rd3 (32...
Rxa2 33. Rc1 Qxe2 34. Rxc8+ Bxc8 35. Qf8#) 33. Kf2 $1 Rxd4 (33... Rd1 34. Rxd1
Qxd1 35. Be7 Ba6 36. Bf6 Qxe2+ 37. Kg3 Qe1+ 38. Kh3 $18) 34. Be7 (34. Rc1 Rxb4
35. Rxc2 Rxc2 36. Qg5 Rd4 $17) 34... Rd7 (34... Qd2 $2 35. Bg5 $18) 35. Rc1
Rxe7 36. Rxc2 Rxc2 37. Ke3 Rd7 38. Nf4 Bd5 39. Qg5 Kf8 40. Qh6+ Kg8 41. a4 Rdc7
42. Qg5 1/2-1/2

[Event "Sochi"]
[Site "Sochi"]
[Date "1993.??.??"]
[Round "?"]
[White "Ryskin, Alexander"]
[Black "Shmuter, Leonid"]
[Result "1-0"]
[WhiteElo "2515"]
[BlackElo "2455"]
[Annotator "Glatman,V"]
[PlyCount "41"]
[EventDate "1993.09.??"]
[EventType "tourn"]
[EventRounds "13"]
[EventCountry "RUS"]
[EventCategory "10"]
[SourceTitle "CBM 038"]
[Source "ChessBase"]
[SourceDate "1994.02.01"]
[SourceVersion "1"]
[SourceVersionDate "1994.02.01"]
[SourceQuality "1"]

1. d4 Nf6 2. c4 g6 3. Nc3 d5 4. cxd5 Nxd5 5. e4 Nxc3 6. bxc3 Bg7 7. Bb5+ c6 8.
Ba4 b5 (8... O-O 9. Ne2 e5 (9... b5 10. Bb3 Bb7 11. O-O c5 12. f3 $146 (12. d5
$5 Nd7 13. Bg5 h6 14. Be3 Qc7 15. Qd2 Kh7 16. Rac1 Nf6 17. f3 Rfd8 18. c4 e6
$13) 12... cxd4 13. cxd4 Nc6 14. Be3 Na5 15. Qd2 Rc8 $10 {Doroshkevich,
V-Shmuter,L Sochi 1993/}) 10. O-O Qe7 11. Qc2 $5 $146 (11. Bc2 Be6 12. a4 Rd8
13. Ba3 Qe8 14. Rb1 $1 b6 15. Bd3 Nd7 16. Qc2 $1 $14 {Kishnev,S-Smejkal,J
Munchen 1992 Inf 56/533/}) 11... Nd7 12. Bb3 Re8 13. f3 Nf8 14. Be3 Be6 15.
Rad1 Bxb3 16. axb3 exd4 17. cxd4 f5 18. Ng3 $14 {Gleizerov,E-Odeev,H
Voskresensk 1993/}) 9. Bb3 b4 10. Bb2 $5 $146 (10. Qf3 O-O 11. Ne2 a5 $5 (11...
bxc3 12. Qxc3 (12. O-O Ba6 13. Rd1 c5 14. dxc5 Qa5 15. e5 Nc6 $1 $15 {
Groszpeter,A-Adorjan,A HUN 1992 Inf 56/537/}) 12... Bb7 13. Bg5 Na6 $1 $10 {
Ftacnik,L-Adorjan,A Budapest 1993 Inf 57/454/}) 12. O-O Ba6 13. Rd1 a4 14. Bc2
b3 15. Bd3 $13 {Shneider,A-Neverov,V UKR 1993 Inf 57/455/}) (10. Be3 bxc3 11.
Rc1 Nd7 12. Ne2 Ba6 13. f4 (13. e5 Qa5 $1 14. Qc2 c5 15. Qe4 O-O 16. Bxf7+ Kh8
$17 {Georgadze,G-Adorjan,A 1992 Inf 56/535/}) 13... Qa5 14. Qc2 c5 15. e5 cxd4
16. Bxd4 Nc5 $10 {Aseev,K-Dvoirys,S S-Peterburg 1993/}) (10. d5 $6) 10... bxc3
(10... Na6 11. Ne2 O-O 12. O-O c5 13. Rc1 Bb7 14. d5 Rc8 $13 {Knaak,
R-Gheorghiu,F Bucurest 1992/}) 11. Bxc3 Nd7 (11... Ba6 12. Ne2 O-O 13. O-O Nd7
14. Rc1 e5 {Adorjan/}) 12. Ne2 Ba6 13. Rc1 O-O 14. O-O e5 15. Bb4 $1 $16 (15.
d5 $6 Nc5 $5 16. Bb4 Nd3 17. Bxf8 Nxc1 18. Qxc1 Qxf8 19. Re1 $10 {Adorjan/})
15... c5 $6 (15... Re8 $2 16. Rxc6 Bb7 17. Bxf7+ Kxf7 18. Qb3+ $18) (15... exd4
$5 16. Bxf8 Nxf8 17. Rxc6 Bb7 18. Rc4 Ne6 $16) 16. dxc5 Bh6 $6 (16... Rb8 17.
Bd2 Nf6 18. f3 Qd3 19. Ng3 Rfd8 20. Bg5 $8 h6 21. Qxd3 $8 Bxd3 22. Bxf6 Bxf6
23. Rfd1 $14) 17. Rc2 Nf6 (17... Rb8 18. Bd2 Bxd2 19. Rxd2 Bxe2 $8 20. Qxe2 Qe7
21. c6 Nc5 22. Bd5 $16) 18. Bc4 $1 $18 Bb7 (18... Bxc4 19. Rxc4 Qxd1 20. Rxd1
$18) 19. c6 $1 Qxd1 (19... Bxc6 20. Bxf8 Qxf8 21. Bxf7+ $18) 20. Rxd1 Rfd8 21.
Bd5 1-0

[Event "Interpolis-03"]
[Site "Tilburg"]
[Date "1979.11.14"]
[Round "10"]
[White "Spassky, Boris Vasilievich"]
[Black "Sax, Gyula"]
[Result "1/2-1/2"]
[WhiteElo "2640"]
[BlackElo "2590"]
[Annotator "Gligoric,S"]
[PlyCount "36"]
[EventDate "1979.11.01"]
[EventType "tourn"]
[EventRounds "11"]
[EventCountry "NED"]
[EventCategory "15"]
[SourceTitle "MCL"]
[Source "ChessBase"]
[SourceDate "1999.07.01"]
[SourceVersion "1"]
[SourceVersionDate "1999.07.01"]
[SourceQuality "1"]

1. d4 Nf6 2. c4 g6 3. Nc3 d5 4. cxd5 Nxd5 5. e4 Nxc3 6. bxc3 Bg7 7. Nf3 c5 (
7... O-O 8. Be2 c5 9. O-O Bg4 10. Be3 Qa5 11. Qb3 $14 {Karpov-Ljubojevic/
Montreal/1979}) 8. Bb5+ (8. Be3 Nc6 9. Rc1) 8... Nc6 $1 9. O-O (9. d5 a6) 9...
cxd4 10. cxd4 O-O 11. Be3 Bg4 12. Bxc6 bxc6 13. Rc1 Qa5 14. Qd2 Qxd2 15. Nxd2
Rfd8 16. Nb3 a5 $1 17. f3 Be6 18. Nc5 Bxd4 (18... Bxd4 19. Bxd4 Rxd4 20. Nxe6
fxe6 21. Rxc6 Rd2 22. Rxe6 Kf7) 1/2-1/2

[Event "Beersheba 20th"]
[Site "Beersheba"]
[Date "2001.03.10"]
[Round "7"]
[White "Roiz, Michael"]
[Black "Golod, Vitali"]
[Result "1/2-1/2"]
[WhiteElo "2449"]
[BlackElo "2591"]
[Annotator "Golod,V"]
[PlyCount "49"]
[EventDate "2001.03.04"]
[EventType "tourn"]
[EventRounds "11"]
[EventCountry "ISR"]
[EventCategory "8"]
[SourceTitle "CBM 082"]
[Source "ChessBase"]
[SourceDate "2001.05.17"]
[SourceVersion "1"]
[SourceVersionDate "2001.05.17"]
[SourceQuality "1"]

1. Nf3 Nf6 2. c4 g6 3. Nc3 d5 4. cxd5 Nxd5 5. e4 Nxc3 6. bxc3 Bg7 7. d4 c5 8.
Rb1 O-O 9. Be2 b6 $5 (9... cxd4 10. cxd4 Qa5+ {It's main line.}) ({In two
previous games in this position I played:} 9... Nc6 $5) 10. Be3 $5 {[%mdl 4]} (
10. O-O $5 {See comments to Van Wely,L-Avrukh,B/Neum,2000/CBM 80(1-0)(Van Wely,
L/Cifuentes,P)(33)}) 10... Bb7 11. Qd3 $5 ({It was checked in last game:} 11.
Qc2 $5 e6 12. dxc5 Nd7 13. O-O Qc7 14. cxb6 axb6 $44 {Bunzmann,D-Schandorff,L/
Magdeburg,2000 (0-1)(40)}) ({Here frequently met:} 11. e5 {but it did not
bring success for white.}) 11... Ba6 ({It deserves attention:} 11... cxd4 12.
cxd4 Qd7 {[%cal Gd7a4]} 13. O-O Qa4 $13 {[%csl Ra2][%cal Gb7a6] Rind,B-Ftacnik,
L/Philadelphia,1993 (0-1)(40)}) 12. Qd2 Qc8 ({Dubious:} 12... Qd7 13. O-O $140
(13. dxc5 $143 Qa4 14. Rb4 Qa3 15. Rb3 Qa4 $44) 13... Qa4 14. Rfc1 $14) 13. O-O
Bxe2 $5 $146 ({Was checked in the previous game:} 13... Nd7 14. Bxa6 Qxa6 15.
e5 (15. Bh6 $5 $14) 15... Rac8 16. Rfe1 e6 17. Bg5 (17. Bh6 $5) 17... b5 $11 {
Pinto Henriquez,R-Narciso Dublan,M/St.Feliu,1994(0-1)(51)}) 14. Qxe2 Qa6 15.
Qxa6 ({Is a possible continuation of the play:} 15. Qd2 $5 Rd8 16. Bh6 (16. Bg5
Nd7 {[%csl Re4][%cal Gd7f6]} 17. Bxe7 $140 Re8 18. Bd6 Rxe4 19. dxc5 Nxc5 $11)
16... Bh8 17. Qf4 Qxa2 $13) 15... Nxa6 16. Rfc1 {+/=/=} Rac8 ({Much worse is:} 
16... cxd4 17. cxd4 Rfc8 18. d5 $5 $14 (18. a4 $143 e6 19. Kf1 Bf8 {[%cal
Ga6b4] +/=/=})) 17. d5 {[%cal Gc3c4] White want strongly to take hold of the
centre.} f5 $1 {Differently it is possible to remain without counterplay.} (
17... c4 $6 18. Nd4 {[%cal Gd4c6]} Bxd4 19. Bxd4 $14) 18. Ng5 $1 ({Poorly at
once:} 18. e5 $2 f4 19. Bd2 c4 $15 {[%csl Rd3,Rd5][%cal Gc8d8,Ga6c5,Gc5d3]}) ({
Also pretty dubious:} 18. c4 {in view of:} Nb4 $1 19. a3 (19. exf5 $143 Nxa2
20. Rc2 Nb4 21. Re2 Rxf5 22. Bg5 b5 $15 {[%csl Yc4,Rd5]}) 19... Na2 20. Rc2 Nc3
21. Re1 Nxe4 22. Ng5 $44) 18... fxe4 $140 ({Weakly:} 18... Nc7 19. c4 {[%csl
Yc4][%cal Yc4d5]} h6 20. Nf3 fxe4 21. Nd2 $14 {[%csl Re4]}) 19. c4 {[%csl Re4]}
Nb4 {It's best decision.} 20. a3 Nd3 21. Rc2 (21. Rd1 $144 Nb2 {[%csl Rc4,Rd1]}
22. Rdc1 Nd3 23. Rc2) 21... Bh6 $1 22. Nxe4 (22. Re2 $5 {This move we have
found out only in the analysis,after game.} Ne5 $1 (22... Bxg5 $2 23. Bxg5 Rce8
24. Rxe4 $1 Nxf2 25. Rxe7 $16 {[%csl Gd5,Gg5]} Ne4 26. Re1 Nd6) 23. Ne6 $140
Bxe3 24. Nxf8 Rxf8 (24... Bd4 $2 25. Ne6 Nxc4 26. Rc1 b5 27. Nxd4 cxd4 28. Rxe4
$16) 25. Rxe3 (25. fxe3 $6 Nxc4) 25... Nxc4 26. Rc3 (26. Rxe4 $2 Nd2 {[%csl
Rb1,Re4]}) 26... Nd6 $11) ({Badly for white:} 22. Ne6 $2 Bxe3 23. Nxf8 (23.
fxe3 Rf5 $15) 23... Bxf2+ 24. Rxf2 Nxf2 25. Nxg6 Nh3+ $1 26. gxh3 hxg6 27. Re1
Kf7 28. Rxe4 $15) 22... Bxe3 23. fxe3 Rf5 24. Ng3 (24. Nf2 $5 Ne5 $11 (24...
Nxf2 $2 25. Rxf2 Rcf8 26. Rbf1 $1 {and white want to transfer to PP endgame,in
which they will have huge chances of a win.})) 24... Rg5 $1 {[%csl Rc4][%cal
Gg5g4] My rook has occupied ideal place. Chances of the parties are
approximately equal.} 25. Rf1 (25. Rf1 Rf8 (25... b5 $5 {[%csl Rd5]} 26. e4 b4
$13) 26. Rc3 Rxf1+ 27. Kxf1 Ne5 $11 {[%csl Rc4][%cal Gg5g4,Gh7h5,Gh5h4]})
1/2-1/2

[Event "ISR-chT"]
[Site "Israel"]
[Date "2002.01.26"]
[Round "3"]
[White "Lev, Ronen"]
[Black "Golod, Vitali"]
[Result "1/2-1/2"]
[WhiteElo "2461"]
[BlackElo "2516"]
[Annotator "Golod,V"]
[PlyCount "90"]
[EventDate "2002.01.10"]
[EventType "team"]
[EventRounds "11"]
[EventCountry "ISR"]
[SourceTitle "CBM 088"]
[Source "ChessBase"]
[SourceDate "2002.03.21"]
[SourceVersion "1"]
[SourceVersionDate "2002.03.21"]
[SourceQuality "1"]

1. d4 Nf6 2. c4 g6 3. Nc3 d5 4. Nf3 Bg7 5. cxd5 Nxd5 6. e4 Nxc3 7. bxc3 c5 8.
Rb1 O-O 9. Be2 b6 $5 (9... cxd4 10. cxd4 Qa5+ {It's main line.}) 10. O-O (10.
Be3 {See comments to Roiz,M-Golod,V/Beer-Sheva,2001/CBM 82(1/2-1/2)(25)}) 10...
Bb7 11. Qd3 Ba6 12. Qe3 Qd7 13. Bxa6 ({More essentially in this position:} 13.
dxc5 $5 {You can see comments to Markos,J-Greenfeld,A/Leon,2001/CBM 86
(Krasenkow,M)(1-0)(38)}) 13... Nxa6 14. h4 $5 $146 {[%csl Rg8][%cal Gh4h5]
[%mdl 8] Rather interesting novelty.Position of the white at the
centre-reliably,and they have a time for attack on the king side.For this move
Ronen has spent approximately 15 minutes.} ({Were checked in the precedind
games:} 14. d5 $5 Qa4 15. Rb3 {[%csl Ra4,Ra6]} Nc7 16. Ra3 Qd7 17. c4 e5 $1 $11
{[%cal Yc7e8,Ye8d6] See comments to Clavijo,J-Mikhalchishin,A/Istanbul,2000/
EXT 2001(0-1)(Krasenkow,M)(37)}) (14. Qe2 $5 Nc7 (14... Qa4 $2 15. d5 Bxc3 16.
Rb3 {[%csl Ra6,Rc3][%cal Gb3a3,Gb3c3]} Bb4 $8 17. Ne5 Rac8 18. Rh3 {[%csl Rg8]}
c4 19. Qe3 {[%cal Ge3h6] 1-0 Najer,E-Yuferov,S/St.Petersburg,2000 (19)}) 15.
Rd1 Rad8 16. Be3 Qa4 17. Rdc1 Rd7 18. Qc2 Qxc2 19. Rxc2 cxd4 20. cxd4 f5 21.
Rbc1 Nb5 22. e5 f4 $132 {See comments to Avrukh,B-Kasparov,G/Israeli League,
2000/CBM 77(1/2-1/2)(Avrukh,B)(38)}) ({and} 14. Qd3 Qa4 (14... Nc7 $5) 15. Bg5
Rfe8 16. d5 c4 17. Qe3 Nc5 18. Nd4 e6 $132 {Hummel,P-Gormally,D/Oakham,2000
(1-0)(31)}) 14... Qa4 $5 {[%csl Ra2] After long meditation,I have decided to
play actively and to not be engaged in protection of my king.} ({Probably,it
was a little worse:} 14... cxd4 15. cxd4 Rfd8 16. Bb2 {[%csl Yb2]}) ({or} 14...
Rfd8 15. d5 {[%cal Gc3c4]} c4 16. Nd4 $14) (14... Rac8 $5 {<->c}) 15. Rb3 {
[%csl Ra6][%cal Gb3a3]} ({Is a possible continuation of the play:} 15. a3 cxd4
16. cxd4 Rfd8 17. Bb2 Rac8 18. h5 Rc2 $132) 15... Nc7 $1 ({Rather imprudently:
} 15... Qxa2 $2 {in view of:} 16. Ra3 Qc4 $140 17. Nd2 cxd4 (17... Qb5 $2 18.
c4 cxd4 19. Qd3 $18 {[%csl Ra6,Yb5][%cal Gc4b5]}) 18. Nxc4 dxe3 19. Rxa6 exf2+
(19... e2 $2 20. Re1 Rfd8 21. Ne3 Bxc3 22. Rxe2 $16 {+/-/+-}) 20. Kxf2 Bxc3 (
20... Rfc8 $6 21. Ne3 Bxc3 22. Nd5 $36 {[%csl Re7]}) 21. Ke2 {+/=/+/-}) 16. d5
$2 {White give back Pa2,and instead of it nothing receive.} (16. dxc5 $142 Qxa2
17. Rb2 (17. Ra3 $143 Qe6 $11) 17... Qc4 18. cxb6 axb6 19. Rxb6 Qxc3 (19... Ne6
$5 $44) 20. Qxc3 Bxc3 {+/=/=}) 16... Qxa2 17. c4 Qc2 $1 {[%csl Rc4]} 18. Nd2 {
/\Ba3,Rc1(ףc2)} Bd4 $1 {[%mdl 2048]} 19. Qf4 Ne8 {[%csl Ye8][%cal Ye8g7] The
knight hastens to the aid of the king.} 20. Rh3 Ng7 21. g4 f6 22. Qh6 Rf7 $17 {
Through a series of exact moves, I have received the big advantage.} 23. Kh2
Bc3 $5 ({It was better:} 23... Bxf2 $1 {[%csl Rc1]} 24. Rxf2 Qxc1 25. Rhf3 {
[%cal Ge4e5]} Qa1 {-/+/-+}) (23... a5 $5 {[%csl Ga5][%cal Ga3a2,Ga5a4,Ga4a3,
Ga2a1]}) 24. Re1 Bxd2 {I have decided to take away second pawn and to justify
thus,my last move.} ({Also good enough:} 24... a5 $5 25. Qe3 Bd4 26. Qe2 a4 27.
Nf3 Qxe2 28. Rxe2 e5 $17 {[%cal Gg7e8,Ge8d6]}) 25. Bxd2 Qxc4 26. Qe3 e6 $5 {
[%csl Rd5,Re4] I begin to open a position.} ({Also deserves attention:} 26...
a5 $5) 27. h5 $1 {Ronen Lev finds the last resources for counterplay.} g5 28.
h6 Ne8 29. Rc1 Qd4 $1 (29... Qa2 $6 30. f4 exd5 31. fxg5 $132 {[%csl Rg8]}) 30.
dxe6 Re7 31. Qxd4 cxd4 32. Rc6 Rc7 {I saw beforehand this protective resource.}
33. Rxc7 $8 Nxc7 34. Rf3 $1 $138 {[] At this moment at us remained less than 3
minutes (with addition 30 seconds for each made move).} (34. e7 $2 Kf7 35. Bb4
a5 36. Ba3 Nb5 $19 {[%csl Ya3,Re7]}) 34... Nxe6 (34... Re8 $5 35. Rxf6 $140
Rxe6 $17 {[%csl Rh6]}) 35. Rxf6 Nc5 (35... Rf8 $6 36. Rxe6 Rxf2+ 37. Kg3 Rxd2
38. Re7 $132 {[%csl Ge7,Rg8,Rh7]}) 36. f3 Rd8 $2 $138 {I felt as it is
necessary to play,but in conditions of shortage of time,I have not decided to
make a move, which won a game:} (36... Rf8 $1 37. Rd6 (37. Rxf8+ $143 Kxf8 38.
Bxg5 a5 $1 39. Kg2 a4 40. Bc1 Nd3 41. Ba3+ Kf7 42. Kf1 b5 43. Ke2 b4 $19) 37...
Rxf3 38. Rxd4 (38. Bxg5 Nxe4 $19) (38. Bb4 Rf2+ (38... Nxe4 $4 39. Rd8+ Kf7 40.
Rf8+ $18 {[%csl Rf3]}) 39. Kh3 Nxe4 $19) 38... Rf2+ (38... Nxe4 $5 39. Rxe4
Rf2+ 40. Kg3 Rxd2 $19) 39. Kg1 (39. Kh3 Nxe4 40. Rxe4 Rxd2 $19) 39... Re2 {
[%csl Re4]} 40. Bxg5 Rxe4 $19) (36... a5 $5 37. Rxb6 $140 a4 {[%csl Ga4][%cal
Ga4a3]}) 37. Rf5 $1 Nb3 $6 {I continue a wrong line.} (37... Ne6 $142 $15) 38.
Rxg5+ Kf7 39. Rg7+ Ke6 40. Bf4 (40. Bg5 $2 Rd7 (40... d3 $4 41. Bxd8 d2 42.
Re7+ Kd6 43. e5+ Kc6 44. Rc7+ $18 {[%csl Yc7][%cal Yc7d7]}) 41. f4 $140 Rxg7
42. hxg7 Kf7 $17) 40... Rf8 {I was sure,that this only move and at all did not
consider the following continuation:} (40... d3 $5 41. Rxh7 d2 42. Bxd2 Nxd2
43. Kg2 $13) 41. Kg3 Rf7 ({Again it deserves attention:} 41... d3 $5) 42. Rg5
Rd7 43. Re5+ Kf7 44. Rf5+ Ke6 45. Re5+ $138 ({The home analysis has shown,that
Ronen should continue game:} 45. g5 d3 $140 46. g6 $1 (46. Rd5 $6 Rxd5 47.
exd5+ Kf5 {[%csl Yb3][%cal Yb3c5]} 48. Kf2 Nc5 $13 {[%csl Yc5]}) (46. Rf6+ $2
Ke7 47. e5 d2 48. Bxd2 Rxd2 (48... Nxd2 $4 49. Rd6 $1 $16 {[%csl Rd2,Rd7,Ge5,
Gh6][%cal Gg5g6]}) 49. g6 hxg6 50. Rxg6 Rd1 $15) 46... hxg6 47. Rd5 $1 Rxd5 48.
exd5+ Kf7 49. Kf2 {[%csl Gd5,Gh6] with obvious advantage of white}) (45. Kf2 $6
d3 (45... Nc5 46. Ke2 $14) 46. Re5+ Kf7 47. Rf5+ $11) 45... Kf7 1/2-1/2